| 000 | 00426nam a22001337a 4500 | ||
|---|---|---|---|
| 082 |
_a363.731 _bROA _cD |
||
| 245 | _aRoad and The Environment : A Hand Book | ||
| 250 | _avolume 1-main report | ||
| 260 |
_aWashington, D.C _bthe international bnnk for reconstruction and development _cSep 1996 |
||
| 300 |
_ap. 23. : _bill. ; _c24 cm |
||
| 526 |
_a0 _b0 _c0 _d363_731000000000000_ROA |
||
| 650 |
_aMCE (D) _938187 |
||
| 942 |
_2ddc _cBK |
||
| 999 |
_c542827 _d542827 |
||